000 00473nam a2200193Ia 4500
005 20240823024201.0
008 240823s9999||||xx |||||||||||||| ||und||
020 _a978-0-07-015158-1
041 _aENGLISH
082 _A658.32 P9
100 _aGeorge T Milkovich et al.
245 0 _aCompensation
250 _a9th
260 _c2009
_b"Tata McGraw-Hill,New Delhi"
500 _aYES
650 _aCompensation
_bManagement Studies
942 _cBK
999 _c183319
_d183319